Construction disputes : (Registro nro. 172792)
[ vista simple ]
| 000 -LEADER | |
|---|---|
| fixed length control field | 01099nam a22003371i 4500 |
| 001 - CONTROL NUMBER | |
| control field | bslw10057405 |
| 006 - FIXED-LENGTH DATA ELEMENTS--ADDITIONAL MATERIAL CHARACTERISTICS--GENERAL INFORMATION | |
| fixed length control field | m o d |
| 007 - PHYSICAL DESCRIPTION FIXED FIELD--GENERAL INFORMATION | |
| fixed length control field | cr un ---uuuua |
| 008 - FIXED-LENGTH DATA ELEMENTS--GENERAL INFORMATION | |
| fixed length control field | 230608t20212021enka ob 000 0 eng d |
| 020 ## - INTERNATIONAL STANDARD BOOK NUMBER | |
| International Standard Book Number | 9781913019488 |
| Qualifying information | (hbk) |
| 020 ## - INTERNATIONAL STANDARD BOOK NUMBER | |
| International Standard Book Number | 9781913019495 |
| Qualifying information | (ePDF) |
| 020 ## - INTERNATIONAL STANDARD BOOK NUMBER | |
| International Standard Book Number | 9781913019501 |
| Qualifying information | (ePUB) |
| 035 ## - | |
| -- | 38464 |
| 040 ## - CATALOGING SOURCE | |
| Original cataloging agency | UtOrBLW |
| Language of cataloging | eng |
| Description conventions | rda |
| Transcribing agency | UtOrBLW |
| 050 #4 - | |
| -- | K891.B8 |
| -- | C53 2021 |
| 082 04 - | |
| -- | 343.078624 |
| -- | 23 |
| 100 1# - MAIN ENTRY--PERSONAL NAME | |
| Personal name | Clark, Wayne, |
| Relator term | author. |
| 245 10 - TITLE STATEMENT | |
| Title | Construction disputes : |
| Remainder of title | seeking sensible solutions / |
| Statement of responsibility, etc | Wayne Clark. |
| 264 #1 - | |
| -- | [London] : |
| -- | London Publishing Partnership, |
| -- | [2021] |
| 264 #4 - | |
| -- | ©2021 |
| 300 ## - PHYSICAL DESCRIPTION | |
| Extent | 1 online resource (xviii, 136 pages) : |
| Other physical details | illustrations |
| 336 ## - | |
| -- | text |
| -- | txt |
| -- | rdacontent |
| 337 ## - | |
| -- | computer |
| -- | c |
| -- | rdamedia |
| 338 ## - | |
| -- | online resource |
| -- | cr |
| -- | rdacarrier |
| 504 ## - BIBLIOGRAPHY, ETC. NOTE | |
| Bibliography, etc | Includes bibliographical references. |
| 650 #0 - SUBJECT ADDED ENTRY--TOPICAL TERM | |
| Topical term or geographic name as entry element | Construction industry |
| General subdivision | Law and legislation. |
| 650 #0 - SUBJECT ADDED ENTRY--TOPICAL TERM | |
| Topical term or geographic name as entry element | Dispute resolution (Law) |
| 856 40 - LOCALIZACIÓN Y ACCESO ELECTRÓNICO | |
| Identificador Uniforme del Recurso (URI/URL) | https://app.vlex.com/#/sources/38464 |
| 942 ## - | |
| -- | RAA |
| 999 ## - | |
| -- | 172792 |
| -- | 172792 |
No hay ítems disponibles.